| 000 | 00761nam a2200217 a 4500 | ||
|---|---|---|---|
| 003 | 0 | ||
| 005 | 20250204093125.0 | ||
| 008 | 130829s19uu xx 00 eng d | ||
| 050 |
_aPGS P 302.3 _b.D887 2013 |
||
| 100 | _aDumaya, Angelica Louise L. | ||
| 245 |
_aReading skills and online interests / _cAngelica Louise L. Dumaya. |
||
| 260 |
_aLas PiƱas City, Philippines : _bSouthville International School and Colleges, _c2013. |
||
| 300 |
_a23 p. : _bill. ; _c28 cm. |
||
| 504 | _aIncludes bibliographical references. | ||
| 650 | _aInternet and children. | ||
| 650 | _aDigital literacy. | ||
| 650 |
_aReading _vPsychological aspects. |
||
| 650 |
_aOnline social networks _vPsychological aspects. |
||
| 650 | _aComputers and literacy. | ||
| 942 |
_2lcc _cPASS |
||
| 999 |
_c99036 _d99036 |
||